000 00625nam a2200181Ia 4500
003 GCL
008 140319s9999 xx 000 0 ara d
040 _aGCL /
_cGCL
082 0 4 _a813.03
_bغ و
100 1 _aغالب هلسا
245 1 0 _aوديع والقديسة ميلادة واخرون (هدية من الادييب عبدالتاح الجمل) /
_cغالب هلسا
300 _a135 ص
490 _aسلسلة الادب الحديث
_v0
650 0 4 _aالقصص العربية
650 0 4 _aالادب العربى - العصر الحديث
650 0 4 _aالقصص العربية - مصر
942 _2ddc
_cBK
999 _c39925
_d39925